000 00612nam a22001937a 4500
008 131016b xxu||||| |||| 00| 0 alb d
041 0 _aalb
080 _a32/34
_x(042.3)
245 1 0 _aPolitikat Zhvillimore :
_cKFOS
260 _aPrishtinë :
_bKFOS ;
_c2006
300 _a352 f. :
_c24 cm.
490 _aKosovo Foundation for Open Society
500 _aParathënie f. : 5
650 0 _aPolitika botërore
650 0 _aPolitika ekonomike
650 0 _aLegjislacioni
760 _bKosovo Foundation for Open Society
942 _2udc
_cBK
999 _c116
_d116